|
|
|
|
| LEADER |
00966nam a2200241 a 4500 |
| 001 |
2317142 |
| 008 |
100412s1981 ctu 000 0 eng d |
| 010 |
|
|
|a 81084321
|
| 040 |
|
|
|a DLC
|c DLC
|d DLC
|d BD-DhAAL
|
| 082 |
0 |
0 |
|a 307.7/2
|2 19
|
| 100 |
1 |
|
|a Coombs, Philip H.
|q (Philip Hall),
|d 1915-2006.
|
| 245 |
1 |
0 |
|a New strategies for improving rural family life /
|c Philip H. Coombs.
|
| 260 |
|
|
|a Essex, Conn. :
|b International Council for Educational Development,
|c c1981.
|
| 300 |
|
|
|a iii, 73 p. ;
|c 22 cm.
|
| 490 |
|
0 |
|a ICED publications on education and rural development
|
| 541 |
1 |
|
|e 00001333
|
| 650 |
|
0 |
|a Community development.
|
| 650 |
|
0 |
|a Rural development.
|
| 650 |
|
0 |
|a Rural poor.
|
| 650 |
|
0 |
|a Rural families.
|
| 852 |
4 |
|
|a Ayesha Abed Library
|j General shelf
|
| 999 |
|
|
|c 8051
|d 8051
|
| 952 |
|
|
|0 0
|1 0
|2 ddc
|4 0
|6 307_720000000000000_COO_1981
|7 0
|9 9159
|a BRACUL
|b BRACUL
|c GEN
|d 2010-04-12
|g 0.00
|l 0
|o 307.72 COO
|p 3010001333
|r 2010-04-12
|t 1
|w 2010-04-12
|y BK
|z Not price in Register
|